| 000 | 00585 a2200253 4500 | ||
|---|---|---|---|
| 260 | _aParis | ||
| 630 | _a657 - Comptabilité | ||
| 037 | _b2, Achat | ||
| 650 | _a6 - SCIENCES APPLIQUEES | ||
| 100 | _aGibert, Patrick | ||
| 700 | _aHachmanian, Elisabeth | ||
| 260 | _bLes Editions d'Organisation | ||
| 245 | _aExercices de comptabilité analytique | ||
| 300 | _a125 p. | ||
| 650 | _aComptabilité analytique | ||
| 260 | _c1984 | ||
| 300 | _b22cm | ||
| 100 | _lFr | ||
| 037 | _aDe 6909 | ||
| 037 | _aDe 6910 | ||
| 020 | _a2-7081-0567-1 | ||
| 999 |
_c42025 _d42025 |
||